Hybrid deep learning framework for the diagnosis of multiple brain diseases using magnetic resonance imaging (Record no. 45658)

000 -LEADER
fixed length control field 00542nam a22001697a 4500
001 - CONTROL NUMBER
control field 45658
003 - CONTROL NUMBER IDENTIFIER
control field BD-DhUET
008 - FIXED-LENGTH DATA ELEMENTS--GENERAL INFORMATION
fixed length control field 260422b xxu||||| |||| 00| 0 eng d
040 ## - CATALOGING SOURCE
Transcribing agency 0
Modifying agency BD-DhUET
100 ## - MAIN ENTRY--PERSONAL NAME
Personal name Sworna Akter
245 ## - TITLE STATEMENT
Title Hybrid deep learning framework for the diagnosis of multiple brain diseases using magnetic resonance imaging
260 ## - PUBLICATION, DISTRIBUTION, ETC. (IMPRINT)
Place of publication, distribution, etc. Dhaak
Name of publisher, distributor, etc. Institute of Information and Communication Technology, BUET
Date of publication, distribution, etc. 2025
300 ## - PHYSICAL DESCRIPTION
Extent xii,70p.
501 ## - WITH NOTE
With note One CD-ROM
504 ## - BIBLIOGRAPHY, ETC. NOTE
Bibliography, etc Includes bibliographies
942 ## - ADDED ENTRY ELEMENTS (KOHA)
Koha item type Thesis
Holdings
Koha item type Date acquired Withdrawn status Copy number Shelving location Price effective from Location (home branch) Koha date last seen Sublocation or collection (holding branch) Piece designation (barcode) Damaged status Source of classification or shelving scheme Not for loan Lost status
Thesis2026-04-21 1Acquisition section2026-04-22Central Library, BUET2026-04-22Central Library, BUET121030